| 000 | 00431nam a2200181Ia 4500 | ||
|---|---|---|---|
| 001 | 9237 | ||
| 005 | 20260306160708.0 | ||
| 008 | 260306t2013||||xx |||||||||||||| ||spa|| | ||
| 041 | _aESP | ||
| 082 |
_a378 _bI59C |
||
| 100 |
_aIpeba _eAUT |
||
| 245 | 0 | _aManual para evaluadores de competencias profesionales | |
| 260 | _c2013 | ||
| 300 |
_a89 páginas : _c24 cm. |
||
| 650 | _aGEN | ||
| 654 | _aCED | ||
| 942 |
_cLIB _dJUS _fJUS _2ddc _n |
||
| 999 |
_c9237 _d9237 |
||